000 00390 a2200145 4500
001 80033
082 _a530.141 CHE
090 _c39630
_d39630
100 _aCheng, David K.
245 _aField and Wave Electromagnetics, 2nd Ed
_cDavid K. Cheng
_hEnglish
250 _a2
260 _aUSA
_bAddison-Wesley, USA
_c1989
300 _a703 p.
_bphotocopy
500 _aAvionics Textbooks
942 _aNUST-CAE
_k530.141 CHE
_cAV
999 _c315106
_d315106